Pautes per inventariar i constituir el patrimoni públic de sòl i habitatge dels municipis de Catalunya / Institut d'Urbanisme, Habitatge i Activitats Locals
ISBN:
84-9803-081-1
Descripción Física:
41 p. : taules ; 22 cm
MARC
| LEADER | 00000nam a2200000Ia 4500 | ||
|---|---|---|---|
| 001 | 17652 | ||
| 003 | BGR | ||
| 005 | 20260324175725.0 | ||
| 008 | 160829s2006 xx 000 0 cat d | ||
| 020 | |a 84-9803-081-1 | ||
| 080 | |a FU-40-9 | ||
| 110 | 1 | |a Institut d'Urbanisme, Habitatge i Activitats Locals (Barcelona) |9 71110 | |
| 245 | |a Pautes per inventariar i constituir el patrimoni públic de sòl i habitatge dels municipis de Catalunya / Institut d'Urbanisme, Habitatge i Activitats Locals | ||
| 260 | |a [Barcelona] : |b Diputació de Barcelona, |c 2006 | ||
| 300 | |a 41 p. : |b taules ; |c 22 cm | ||
| 590 | |a IUHAL: Institut d'Urbanisme, Habitatge i Activitats Locals | ||
| 650 | |a Patrimoni municipal |x Catalunya |9 39120 | ||
| 651 | 0 | |a Catalunya |x Política de l'habitatge |9 53525 | |
| 710 | 1 | |a Barcelona (Catalunya : Província). |b Diputació |9 52408 | |
| 901 | |a Arxiu | ||
| 942 | |n 1 |2 udc |c MON | ||
| 952 | |0 0 |1 0 |4 0 |6 FU409 |7 1 |9 48814 |a Arxiu |b Arxiu |d 2016-12-01 |l 0 |o FU-40-9 |p 17652 |r 2016-12-01 00:00:00 |w 2016-12-01 |y ARXIU | ||
| 999 | |c 52647 |d 52647 | ||